Pokémon fusionnés à la main n°1 (Quiz photos) - Statistiques

Statistiques générales
  • Ce quiz a été pris 257 fois
  • Le résultat moyen est 6 sur 10
Statistiques - réponses
Par images Réponse % Correct
Évoli & Goupix
96%
Élekable & Pingoléon
78%
Chenipan & Loupio
67%
Électhor & Piafabec
67%
Flagadoss & Minotaupe
65%
Jungko & Raichu
58%
Marshadow & Zorua
50%
Balbuto & Chacripan
48%
Bruyverne & Scorvol
45%
Grodrive & Pomdramour
25%
Aucun quiz correspondant
Distribution des résultats
% des personnes avec chaque résultat
Percentile par nombre de réponses
Votre historique - résultats
Vous n’avez pas pris ce quiz